| 000 | 00817nam a22002295i 4500 | ||
|---|---|---|---|
| 001 | 162359 | ||
| 003 | ES-MaACL | ||
| 005 | 20250903022217.0 | ||
| 008 | 000113s1895 fr |||| | fre d | ||
| 040 |
_aM-RACE _bspa _cM-RACE _dCCPB | B |
||
| 100 | 1 |
_aPoincaré, Henri. _992751 |
|
| 245 | 1 | 0 |
_aCapillarité _b: leçons professées pendant le deuxième semestre 1888-1889 / _cpar H. Poincare ; rédigées par J. Blondin. |
| 260 |
_aParis : _bGeorges Carré, éditeur, _c1895. |
||
| 300 |
_a186 p. ; _c24 cm. |
||
| 490 | 1 | _aCours de Physique Mathématique | |
| 650 | 4 |
_aCapilaridad. _9135727 |
|
| 650 | 7 |
_aFísica matemática _2embne _912887 |
|
| 700 | 1 |
_aBlondin, Jules. _929551 |
|
| 830 | 0 |
_aCours de Physique Mathématique _9188389 |
|
| 852 |
_aES-MaACL _jG-5848 _z-- Enc. hol. |
||
| 999 |
_c162359 _d162359 |
||